000 00467nam a22001337a 4500
003 SGT
082 _a617.643
_bI25D
100 _aDagar, Tanvi
245 _aAn In-Vitro antimicrobial evaluation of conventional recycled and self-ligating brackets coated with nitrogen doped zinc oxide nanoparticles against streptococcus mutans and candida albicans
260 _aGurugram, Haryana
_bSGT University
_c2025
300 _a179
650 _aOrthodontics
942 _2ddc
_cTH
999 _c32072
_d32072